Normal view
MARC view
Entry Personal Name
001 - CONTROL NUMBER
- control field: 28941
003 - CONTROL NUMBER IDENTIFIER
- control field: OSt
005 - DATE AND TIME OF LATEST TRANSACTION
- control field: 20241007105911.0
008 - FIXED-LENGTH DATA ELEMENTS
- fixed length control field: 241007|| aca||aabn | a|a d
040 ## - CATALOGING SOURCE
- Original cataloging agency: OSt
- Transcribing agency: OSt
100 ## - HEADING--PERSONAL NAME
- Personal name: Shimoda, E. Madison
- Relator term: translator
670 ## - SOURCE DATA FOUND
- Source citation: Work cat.: (OSt): Ishida, Syou. 28937, We'll prescribe you a cat /, 2024.